Undertale soundtracks - Statistics

General Stats
  • This quiz has been taken 133 times
  • The average score is 46 of 101
Answer Stats
Hint Answer % Correct
100 MEGALOVANIA
89%
077 ASGORE
86%
015 sans.
84%
087 Hopes and Dreams
82%
005 Ruins
82%
031 Waterfall
81%
024 Bonetrousle
79%
004 Fallen Down
79%
014 Heartache
79%
003 Your Best Friend
79%
048 Alphys
77%
010 Ghost Fight
74%
065 CORE
72%
012 Home
70%
071 Undertale
70%
009 Enemy Approaching
68%
050 Metal Crusher
68%
022 Snowdin Town
68%
079 Your Best Nightmare
68%
068 Death by Glamour
67%
059 Spider Dance
67%
036 Dummy!
65%
001 Once Upon a Time
65%
030 Undyne
65%
023 Shop
63%
046 Spear of Justice
63%
051 Another Medium
61%
098 Battle Against A True Hero
61%
080 Finale
61%
089 SAVE the World
60%
002 Start Menu
60%
017 Snowy
58%
006 Uwa!! So Temperate♫
56%
025 Dating Start!
54%
090 His Theme
54%
054 Hotel
53%
021 Dogsong
51%
084 Amalgam
49%
070 Long Elevator
49%
043 Temmie Village
49%
016 Nyeh Heh Heh!
47%
099 Power of "NEO"
47%
013 Home (Music Box)
46%
076 Bergentrückung
44%
101 Good Night
44%
045 NGAHHH!!
44%
027 Dating Fight!
42%
063 It's Raining Somewhere Else
42%
034 Memory
42%
047 Ooo
42%
032 Run!
42%
044 Tem Shop
42%
007 Anticipation
40%
026 Dating Tense!
40%
075 Barrier
39%
035 Bird That Carries You Over A Disproportionately Small Gap
39%
064 CORE Approach
39%
011 Determination
39%
033 Quiet Water
39%
038 Spooktune
39%
008 Unnecessary Tension
39%
019 Dogbass
37%
085 Fallen Down (Reprise)
37%
039 Spookwave
37%
067 Oh My...
35%
097 But The Earth Refused To Die
33%
094 Respite
33%
072 Song That Might Play When You Fight Sans
33%
052 Uwa!! So Heats!!♫
33%
018 Uwa!! So Holiday♫
33%
081 An Ending
32%
040 Ghouliday
32%
049 It's Showtime!
32%
078 You Idiot
32%
058 Death Report
30%
083 Here We Are
30%
053 Stronger Monsters
30%
088 Burn In Despair!
28%
055 Can You Really Call This A Hotel, I Didn't Receive A Mint On My Pillow Or Anything
28%
041 Chill
28%
069 For the Fans
28%
057 Live Report
28%
020 Mysterious Place
28%
037 Pathetic House
28%
082 She's Playing Piano
28%
074 Small Shock
28%
042 Thundersnail
28%
095 Bring It In, Guys!
26%
093 Menu (Full)
26%
060 Wrong Enemy !?
26%
096 Last Goodbye
25%
062 Oh! Dungeon
23%
028 Premonition
23%
073 The Choice
23%
061 Oh! One True Love
21%
086 Don't Give Up
19%
056 Confession
18%
029 Danger Mystery
14%
066 Last Episode!
14%
092 Reunited
12%
091 Final Power
5%
No matching quizzes found
Score Distribution
Percent of People with Each Score
Percentile by Number Answered
Your Score History
You have not taken this quiz